[Event "POL-ch Amateur"]
[Site "Wroclaw"]
[Date "2013.??.??"]
[Round "5"]
[White "Lesniowski, Boguslaw"]
[Black "Glatty, Zbigniew"]
[Result "0-1"]
[WhiteElo "1584"]
[BlackElo "1904"]
[PlyCount "132"]
[EventDate "2013.06.??"]
[EventType "swiss"]
[EventRounds "9"]
[EventCountry "POL"]
[SourceTitle "EXT 2014"]
[Source "ChessBase"]
[SourceDate "2013.11.20"]
[SourceVersion "1"]
[SourceVersionDate "2013.11.20"]
[SourceQuality "1"]

1. d4 d5 2. c4 c6 3. Nc3 e6 4. e3 Nf6 5. f4 Be7 6. Bd3 dxc4 7. Bxc4 b5 8. Bd3 a6 9. Nf3 Bb7 10. 0-0 0-0 11. a3 c5 12. dxc5 Bxc5 13. Qc2 Qb6 14. Re1 Nbd7 15. b4 Be7 16. Ne5 Rfd8 17. Qe2 Qc7 18. Nxd7 Rxd7 19. Bb2 Rad8 20. Red1 Qb6 21. Bc2 Rxd1+ 22. Rxd1 Rxd1+ 23. Nxd1 Nd5 24. Bd4 Qd8 25. Be4 g6 26. Qf3 f5 27. Bd3 Qd7 28. Qf2 Qc6 29. Qc2 Kf7 30. Qxc6 Bxc6 31. Kf2 Nf6 32. h3 Ne4+ 33. Ke2 Ng3+ 34. Kf2 Bh4 35. Kg1 Be4 36. Bxe4 Nxe4 37. Nc3 Nxc3 38. Bxc3 Ke7 39. Kf1 Kd6 40. Ke2 Kd5 41. Kd3 Bg3 42. Bd2 e5 43. fxe5 Bxe5 44. Bc3 Bc7 45. Bg7 h5 46. Bh6 Be5 47. g4 fxg4 48. hxg4 h4 49. e4+ Ke6 50. Ke2 Bb2 51. Kf3 Bxa3 52. Bd2 Bb2 53. g5 Be5 54. Kg4 Bd4 55. Be1 h3 56. Kxh3 Ke5 57. Bg3+ Kxe4 58. Kg4 Bc3 59. Bd6 a5 60. bxa5 Bxa5 61. Bf8 Bc3 62. Be7 b4 63. Bf6 Kd3 64. Kf4 b3 65. Bxc3 Kxc3 66. Ke5 b2 0-1

[Event "POL-ch Amateur"]
[Site "Wroclaw"]
[Date "2013.??.??"]
[Round "2"]
[White "Obara, Zbigniew"]
[Black "Lesniowski, Boguslaw"]
[Result "0-1"]
[WhiteElo "1294"]
[BlackElo "1584"]
[PlyCount "68"]
[EventDate "2013.06.??"]
[EventType "swiss"]
[EventRounds "9"]
[EventCountry "POL"]
[SourceTitle "EXT 2014"]
[Source "ChessBase"]
[SourceDate "2013.11.20"]
[SourceVersion "1"]
[SourceVersionDate "2013.11.20"]
[SourceQuality "1"]

1. Nf3 d5 2. d4 Nf6 3. Bg5 Ne4 4. h4 Nxg5 5. hxg5 Bf5 6. Nbd2 e6 7. a3 Be7 8. c4 c6 9. Qb3 b6 10. cxd5 exd5 11. Qe3 0-0 12. Qf4 Bg6 13. e4 dxe4 14. Nxe4 Bxe4 15. Qxe4 g6 16. Bc4 Bxg5 17. Nxg5 Qxg5 18. Kf1 a5 19. g3 Ra7 20. Re1 b5 21. Ba2 c5 22. dxc5 Qxc5 23. Qh4 h5 24. Qf6 Qc6 25. Qxc6 Nxc6 26. Rh4 Re7 27. Rhe4 Rfe8 28. Rxe7 Rxe7 29. Rxe7 Nxe7 30. f4 Nf5 31. Kf2 Kf8 32. Bd5 Ke7 33. Kf3 f6 34. Bc6 Nd4+ 0-1

[Event "POL-ch Amateur"]
[Site "Wroclaw"]
[Date "2012.06.23"]
[Round "2"]
[White "Lesniowski, Boguslaw"]
[Black "Zielinski, Olgierd"]
[Result "1-0"]
[WhiteElo "1658"]
[BlackElo "1925"]
[PlyCount "232"]
[EventDate "2012.06.22"]
[EventType "swiss"]
[EventRounds "7"]
[EventCountry "POL"]
[SourceTitle "EXT 2013"]
[Source "ChessBase"]
[SourceDate "2012.11.22"]
[SourceVersion "1"]
[SourceVersionDate "2012.11.22"]
[SourceQuality "1"]

1. d4 d5 2. Nf3 Nf6 3. Bf4 c5 4. e3 Qb6 5. Qc1 Nc6 6. c3 Bf5 7. Nh4 Bd7 8. Bd3 Rc8 9. Qd2 Ne4 10. Bxe4 dxe4 11. Na3 cxd4 12. exd4 h6 13. f3 e5 14. Nc4 Qd8 15. Nxe5 Qxh4+ 16. Bg3 Qd8 17. Nxd7 Qxd7 18. fxe4 Bd6 19. e5 Bb8 20. 0-0 0-0 21. Rae1 Rfe8 22. Rf2 Rcd8 23. Qc2 Qd5 24. b3 b5 25. Qf5 f6 26. e6 Bxg3 27. hxg3 Re7 28. Rf4 Rd6 29. g4 b4 30. Qxd5 Rxd5 31. Rf5 Rd6 32. d5 Ne5 33. c4 Nd3 34. Re3 Nc5 35. Rf2 Kh7 36. Kh2 Kg6 37. Kg3 Kh7 38. Rfe2 a5 39. a4 Kg8 40. Kf4 Kf8 41. Kg3 Ke8 42. Kf4 Kd8 43. Kg3 Kc7 44. Kf4 Rd8 45. Kg3 Kd6 46. Kf4 Nb7 47. Kg3 Kc5 48. Rd2 Nd6 49. Kf4 Rf8 50. Kg3 f5 51. Kh3 f4 52. Rf3 Ne4 53. Rdf2 Nxf2+ 54. Rxf2 f3 55. gxf3 Rf4 56. Kg3 Rd4 57. Rb2 g5 58. Kf2 Re8 59. Ke3 Rf4 60. Rf2 Kd6 61. Rd2 Rf6 62. Rf2 Ref8 63. Rf1 Rf4 64. Rf2 R8f6 65. Ke2 Rd4 66. Ke3 Rd1 67. Re2 Ke7 68. Ke4 Rf4+ 69. Ke5 Rxf3 70. c5 Rfd3 71. d6+ Rxd6 72. cxd6+ Rxd6 73. Kf5 Rd3 74. Re5 Rxb3 75. Rxa5 Rf3+ 76. Ke5 Re3+ 77. Kf5 b3 78. Ra7+ Ke8 79. Kf6 Rf3+ 80. Ke5 b2 81. Rb7 Re3+ 82. Kf6 Rf3+ 83. Kg6 Rf4 84. a5 Ra4 85. Rxb2 Rxa5 86. Kf6 Ra8 87. Rh2 Ra1 88. Rxh6 Rf1+ 89. Kxg5 Ke7 90. Rg6 Rh1 91. Rh6 Rg1 92. Kf4 Rf1+ 93. Ke5 Re1+ 94. Kf4 Rf1+ 95. Kg5 Rg1 96. Kh5 Rh1+ 97. Kg6 Rg1 98. g5 Kxe6 99. Kg7+ Ke7 100. g6 Rg2 101. Rh3 Rg1 102. Kh7 Kf6 103. Rf3+ Ke7 104. Rf7+ Ke8 105. Rf5 Rg2 106. Kg7 Ke7 107. Re5+ Kd6 108. Ra5 Ke7 109. Ra6 Ke8 110. Kg8 Rh2 111. Re6+ Kd7 112. Rf6 Ke7 113. Rf7+ Ke8 114. Rh7 Rg2 115. Kg7 Ke7 116. Kh8+ Ke8 1-0

[Event "POL-ch Amateur"]
[Site "Wroclaw"]
[Date "2012.06.23"]
[Round "3"]
[White "Rozumek, Krzysztof"]
[Black "Lesniowski, Boguslaw"]
[Result "1-0"]
[WhiteElo "1894"]
[BlackElo "1658"]
[PlyCount "125"]
[EventDate "2012.06.22"]
[EventType "swiss"]
[EventRounds "7"]
[EventCountry "POL"]
[SourceTitle "EXT 2013"]
[Source "ChessBase"]
[SourceDate "2012.11.22"]
[SourceVersion "1"]
[SourceVersionDate "2012.11.22"]
[SourceQuality "1"]

1. e4 c5 2. Nf3 d6 3. d4 cxd4 4. Nxd4 Nf6 5. Nc3 a6 6. Be3 Ng4 7. Qd2 Nxe3 8. Qxe3 Qb6 9. Nd5 Qd8 10. Qc3 Kd7 11. Qb3 Qa5+ 12. c3 b5 13. Nb4 e6 14. 0-0-0 Bb7 15. f3 Qa4 16. Qxa4 bxa4 17. a3 Nc6 18. Ndxc6 Bxc6 19. Nxc6 Kxc6 20. Rd4 d5 21. Rxa4 a5 22. exd5+ exd5 23. Rf4 Ra7 24. a4 Be7 25. Bb5+ Kd6 26. Rd4 Bf6 27. Rd3 Rc7 28. Rhd1 d4 29. Kb1 Rhc8 30. f4 h5 31. cxd4 Rc2 32. R3d2 Rxd2 33. Rxd2 Kd5 34. Be2 Rb8 35. Bxh5 g6 36. Bf3+ Kc4 37. d5 Kb4 38. Bd1 Rd8 39. d6 Kc5 40. d7 Bd4 41. Rc2+ Kb6 42. Bg4 f5 43. Bf3 Bc5 44. Rd2 Kc7 45. Rd5 Bb4 46. Rb5 Rxd7 47. Rb7+ Kd8 48. Rb8+ Ke7 49. Rh8 Kf6 50. h4 Kg7 51. Re8 Re7 52. Rxe7+ Bxe7 53. h5 gxh5 54. Bxh5 Bh4 55. g4 fxg4 56. Bxg4 Bg3 57. f5 Kf6 58. b4 axb4 59. a5 Kg5 60. Bh3 Kh4 61. f6 Kg5 62. f7 Bd6 63. a6 1-0

[Event "POL-ch Amateurs"]
[Site "Wroclaw"]
[Date "2011.07.03"]
[Round "7"]
[White "Suchocki, Tomasz"]
[Black "Lesniowski, Boguslaw"]
[Result "1/2-1/2"]
[WhiteElo "1969"]
[BlackElo "1612"]
[PlyCount "80"]
[EventDate "2011.07.01"]
[EventType "swiss"]
[EventRounds "7"]
[EventCountry "POL"]
[SourceTitle "EXT 2023"]
[Source "ChessBase"]
[SourceDate "2022.10.05"]
[SourceVersion "1"]
[SourceVersionDate "2022.10.05"]
[SourceQuality "1"]

1. d4 Nf6 2. Nf3 g6 3. c4 Bg7 4. Nc3 0-0 5. e4 d6 6. h3 e5 7. d5 a5 8. Bg5 h6 9. Be3 Na6 10. Nd2 Nd7 11. g4 Ndc5 12. Rg1 Kh7 13. Nb3 b6 14. Nxc5 Nxc5 15. Qd2 Qe7 16. 0-0-0 f5 17. f3 f4 18. Bf2 g5 19. Be2 Bd7 20. Nb5 Bxb5 21. cxb5 Bf6 22. Bc4 Ra7 23. b3 Rb8 24. Kb2 Qd8 25. a3 Rba8 26. Ra1 Qe7 27. Rh1 Kg6 28. Ra2 Rh8 29. Raa1 Kf7 30. Rag1 Ke8 31. Qe1 Kd7 32. h4 Raa8 33. h5 Ra7 34. Qc3 Rha8 35. Ra1 Qd8 36. Ra2 Qb8 37. Rha1 Kc8 38. Be1 Kd7 39. Qc2 Kc8 40. Bd2 Kd7 1/2-1/2

[Event "Gora Sw Anny op 4th"]
[Site "Gora Sw Anny"]
[Date "2011.02.17"]
[Round "7"]
[White "Lesniowski, Boguslaw"]
[Black "Budnik, Kazimierz"]
[Result "0-1"]
[WhiteElo "1660"]
[BlackElo "1578"]
[PlyCount "110"]
[EventDate "2011.02.12"]
[EventType "swiss"]
[EventRounds "9"]
[EventCountry "POL"]
[SourceTitle "CBM 140 Extra"]
[Source "ChessBase"]
[SourceDate "2011.03.01"]
[SourceVersion "1"]
[SourceVersionDate "2011.03.01"]
[SourceQuality "1"]

1. Nf3 c5 2. c4 d6 3. Nc3 g6 4. d4 b6 5. h3 Bg7 6. Bf4 Nf6 7. e4 0-0 8. Be2 cxd4 9. Nb5 e5 10. Bg5 a6 11. Na3 Qc7 12. Bd3 Nbd7 13. b4 a5 14. b5 Bb7 15. Nd2 h6 16. Bxf6 Nxf6 17. 0-0 Nh5 18. g3 Qd7 19. Kg2 f5 20. f3 f4 21. g4 Ng3 22. Rf2 Qe7 23. Qg1 Bf6 24. Nf1 Bh4 25. Nxg3 Bxg3 26. Re2 Rf7 27. Nb1 Rg7 28. Nd2 h5 29. Nf1 Qh4 30. Qh1 a4 31. Rb1 a3 32. Rb4 Bc8 33. Bc2 Kf8 34. Ra4 Rxa4 35. Bxa4 Ra7 36. Bb3 Ke7 37. Kg1 Be6 38. Qg2 Rc7 39. Rc2 d3 40. Rc3 Be1 41. Rxd3 Bb4 42. Kh2 Bxc4 43. Qc2 Rc8 44. Bxc4 Rxc4 45. Qxc4 Qf2+ 46. Kh1 Qxf1+ 47. Kh2 Qf2+ 48. Kh1 Qe1+ 49. Kg2 Bc5 50. Rd4 Qg3+ 51. Kf1 Qxh3+ 52. Ke2 Qg2+ 53. Ke1 Qg1+ 54. Kd2 Qxd4+ 55. Qxd4 Bxd4 0-1

[Event "Gora Sw Anny op 4th"]
[Site "Gora Sw Anny"]
[Date "2011.02.14"]
[Round "4"]
[White "Kiryczuk, Artur"]
[Black "Lesniowski, Boguslaw"]
[Result "1/2-1/2"]
[WhiteElo "1429"]
[BlackElo "1660"]
[PlyCount "97"]
[EventDate "2011.02.12"]
[EventType "swiss"]
[EventRounds "9"]
[EventCountry "POL"]
[SourceTitle "CBM 140 Extra"]
[Source "ChessBase"]
[SourceDate "2011.03.01"]
[SourceVersion "1"]
[SourceVersionDate "2011.03.01"]
[SourceQuality "1"]

1. e4 c5 2. Nf3 Nc6 3. d4 cxd4 4. Nxd4 Qc7 5. Nc3 e6 6. Nf3 a6 7. Be3 b5 8. a3 Bb7 9. Bd3 Nf6 10. Qd2 b4 11. axb4 Bxb4 12. 0-0 Ng4 13. Be2 Nxe3 14. Qxe3 0-0 15. Na2 Be7 16. c3 a5 17. Nc1 a4 18. Nd4 Ne5 19. Nb5 Qc6 20. f4 Nc4 21. Bxc4 Qxc4 22. Nd4 Bc5 23. Nce2 d6 24. e5 Qd5 25. Rf2 Rfe8 26. exd6 f6 27. d7 Qxd7 28. Kh1 e5 29. fxe5 fxe5 30. Qg5 Qc7 31. Rf5 h6 32. Qg6 exd4 33. Raf1 Be4 34. Ng3 Qe7 35. Nxe4 Qxe4 36. Qf7+ Kh8 37. Rxc5 dxc3 38. Rxc3 Re7 39. Qf2 Rae8 40. Rf3 Re6 41. h3 Rc8 42. Rf4 Qc6 43. Rf8+ Rxf8 44. Qxf8+ Kh7 45. Qf5+ Rg6 46. Rf2 Qe6 47. Qc2 Qe1+ 48. Kh2 Qe5+ 49. Kh1 1/2-1/2